An Emerging European Valuation Research Agenda: evidence from the European Real Estate Society and the RICS Cutting Edge Conferences (Record no. 102259)

MARC details
000 -LEADER
fixed length control field 00858cam a2200241 4500
001 - CONTROL NUMBER
control field J119133
008 - FIXED-LENGTH DATA ELEMENTS--GENERAL INFORMATION
fixed length control field 020731n2001 000 0 eng u
035 ## - SYSTEM CONTROL NUMBER
System control number (Sirsi) u119133
041 ## - LANGUAGE CODE
Language code of text/sound track or separate title eng.
050 ## - LIBRARY OF CONGRESS CALL NUMBER
Classification number 33303324
100 ## - MAIN ENTRY--PERSONAL NAME
Personal name Adair, A.
110 ## - MAIN ENTRY--CORPORATE NAME
Corporate name or jurisdiction name as entry element TEGoVA
9 (RLIN) 3466
245 #3 - TITLE STATEMENT
Title An Emerging European Valuation Research Agenda: evidence from the European Real Estate Society and the RICS Cutting Edge Conferences
260 ## - PUBLICATION, DISTRIBUTION, ETC.
Place of publication, distribution, etc. TEGoVA
Date of publication, distribution, etc. 2001
300 ## - PHYSICAL DESCRIPTION
Extent 17p.
Dimensions 31cm.
520 ## - SUMMARY, ETC.
Summary, etc. A short paper which examines the contributions of the European Real Estate Society (ERES) and the RICS Cutting Edge conferences to the development of a valuation research agenda in Europe.
650 ## - SUBJECT ADDED ENTRY--TOPICAL TERM
Topical term or geographic name entry element EUROPE
690 ## - LOCAL SUBJECT ADDED ENTRY--TOPICAL TERM (OCLC, RLIN)
Topical term or geographic name as entry element PROPERTY-PROPERTY APPRAISAL AND VALUATION
700 ## - ADDED ENTRY--PERSONAL NAME
Personal name Cheng Lim, L.
700 ## - ADDED ENTRY--PERSONAL NAME
Personal name Crosby, N.
700 ## - ADDED ENTRY--PERSONAL NAME
Personal name Watkins, C.
942 ## - ADDED ENTRY ELEMENTS (KOHA)
Suppress in OPAC 0
Holdings
Withdrawn status Lost status Source of classification or shelving scheme Damaged status Not for loan Home library Current library Shelving location Date acquired Total Checkouts Full call number Barcode Date last seen Date last checked out Copy number Price effective from Koha item type
    Dewey Decimal Classification     London London Basement 31/07/2002 4 BASEMENT 30066338 06/08/2019 27/11/2002 1 06/08/2019 Book